I classici italiani : per il ginnasio inferiore. [A cura di] Natale Addamiano

Gespeichert in:
Bibliographische Detailangaben
Weitere Verfasser: Addamiano, Natale
Format: Buch
Sprache:Italienisch
Erschienen: Palermo-Roma R. Sandron Edit. Libr. Tip. 1925
Katalog:EDISCO:  Suchergebnis im Bibliothekskatalog
Schulbuchspezifische Eigenschaften:
Tags: Tag hinzufügen
Keine Tags, Fügen Sie den ersten Tag hinzu!
Hinzugefügt zu:30.04.2016
Geändert in:04.10.2017

MARC

LEADER 00000aam a22000007 4500
001 15619
003 OSt
005 20171004085740.0
008 160501s1925 it 000 0 ita
040 |c Elena Facco - Padova - CUBI 
041 1 |a ita 
245 0 0 |a I classici italiani : per il ginnasio inferiore. [A cura di] Natale Addamiano 
260 |a Palermo-Roma  |b R. Sandron Edit. Libr. Tip.  |c 1925 
300 |a VIII, 606, 1/x ;   |c in 8° 
510 3 |a L. 19.50 
901 |a 7 
700 1 |a Addamiano, Natale 
942 |2 ddc  |c BK 
546 |a ita 
999 |c 15608  |d 15608 
999 |c edisco:15608  |d 15608